LIBRARY & INFORMATION CENTRE, KCAET, TAVANUR

ONLINE PUBLIC ACCESS CATALOGUE (OPAC)

Solid geometry / (Record no. 3009)

MARC details
000 -LEADER
fixed length control field 00489cam a2200205ua 4500
041 ## - LANGUAGE CODE
Language code of text/sound track or separate title eng
082 ## - DEWEY DECIMAL CLASSIFICATION NUMBER
Classification number 516.06
Item number SMI/SO
100 ## - MAIN ENTRY--AUTHOR NAME
Personal name Smith, Charles .
245 ## - TITLE STATEMENT
Title Solid geometry /
250 ## - EDITION STATEMENT
Edition statement 2 /
260 ## - PUBLICATION, DISTRIBUTION, ETC. (IMPRINT)
Place of publication London :
Name of publisher MacMillan and Company Limited ,
Year of publication 1957.
300 ## - PHYSICAL DESCRIPTION
Number of Pages 242 ; .
942 ## - ADDED ENTRY ELEMENTS (KOHA)
Koha item type Books
Holdings
Withdrawn status Lost status Damaged status Home library Current library Date acquired Full call number Accession Number Koha item type
      KAUAET   07/04/2012 516.06 4210 Books
    Damaged KAUAET KAUAET 07/04/2012 516.06 3186 Books
      KAUAET KAUAET 07/04/2012 516.06 4787 Books
free website counter